[Event "Oberliga Ost-B 2324"]
[Site "Germany"]
[Date "2024.01.14"]
[Round "5.5"]
[White "Krueger, Rainer"]
[Black "Mueller, Maximilian"]
[Result "0-1"]
[WhiteElo "2121"]
[BlackElo "2298"]
[PlyCount "74"]
[EventDate "2023.10.22"]
[EventType "team-tourn"]
[EventRounds "11"]
[EventCountry "GER"]
[SourceTitle "EXT 2025"]
[Source "ChessBase"]
[SourceDate "2024.10.14"]
[SourceVersion "1"]
[SourceVersionDate "2024.10.14"]
[SourceQuality "1"]
[WhiteTeam "Erfurt SK II"]
[BlackTeam "Gernsheim"]
[WhiteTeamCountry "GER"]
[BlackTeamCountry "GER"]

1. Nf3 Nf6 2. g3 b5 3. Bg2 Bb7 4. b3 e6 5. Bb2 Be7 6. 0-0 c5 7. c4 bxc4 8. bxc4 0-0 9. d3 Qb6 10. Qc1 d6 11. Nbd2 Nc6 12. Rb1 Qc7 13. Bc3 Rab8 14. Qa3 Nd7 15. Nb3 d5 16. Na5 Ba8 17. Nxc6 Bxc6 18. Nd2 Nb6 19. Ba5 d4 20. Bxb6 axb6 21. Bxc6 Qxc6 22. Rb5 Bd6 23. Rfb1 Bc7 24. R1b3 f5 25. Qc1 e5 26. f3 h5 27. Ra3 h4 28. Kg2 Qh6 29. Nb3 g5 30. Ra7 Rf7 31. Nxc5 hxg3 32. hxg3 Rh7 33. Qg1 Qh3+ 34. Kf2 e4 35. Rxc7 e3+ 36. Ke1 Qxg3+ 37. Kf1 Rh1 0-1

[Event "Oberliga Ost-B 2324"]
[Site "Germany"]
[Date "2024.01.13"]
[Round "4.5"]
[White "Mueller, Maximilian"]
[Black "Alber, Horst"]
[Result "1-0"]
[WhiteElo "2298"]
[BlackElo "2234"]
[PlyCount "69"]
[EventDate "2023.10.22"]
[EventType "team-tourn"]
[EventRounds "11"]
[EventCountry "GER"]
[SourceTitle "EXT 2025"]
[Source "ChessBase"]
[SourceDate "2024.10.14"]
[SourceVersion "1"]
[SourceVersionDate "2024.10.14"]
[SourceQuality "1"]
[WhiteTeam "Gernsheim"]
[BlackTeam "Marburg"]
[WhiteTeamCountry "GER"]
[BlackTeamCountry "GER"]

1. e4 g6 2. d4 Bg7 3. Nc3 d6 4. f4 Nc6 5. Be3 Nf6 6. h3 0-0 7. Nf3 e5 8. dxe5 dxe5 9. Qxd8 Rxd8 10. fxe5 Nh5 11. Bg5 Rf8 12. Bb5 h6 13. Be3 Ng3 14. Rg1 Nxe5 15. Bc5 c6 16. Bxf8 Kxf8 17. Bd3 Be6 18. Kf2 Nxf3 19. Kxf3 Be5 20. Rgd1 b5 21. Rab1 a6 22. a3 Ke7 23. Ne2 Nxe2 24. Bxe2 h5 25. b3 a5 26. a4 b4 27. Bc4 Bxc4 28. bxc4 Ke6 29. Rd3 Rf8 30. Rbd1 c5 31. Rd8 Rxd8 32. Rxd8 Bc3 33. Ke3 f6 34. Ra8 g5 35. Rxa5 1-0

[Event "Oberliga Ost-B 2223"]
[Site "Germany"]
[Date "2023.02.04"]
[Round "6.4"]
[White "Mueller, Maximilian"]
[Black "Larkin, Vladislav"]
[Result "0-1"]
[WhiteElo "2319"]
[BlackElo "2451"]
[PlyCount "52"]
[EventDate "2022.09.18"]
[EventType "team-tourn"]
[EventRounds "11"]
[EventCountry "GER"]
[SourceTitle "EXT 2025"]
[Source "ChessBase"]
[SourceDate "2024.10.14"]
[SourceVersion "1"]
[SourceVersionDate "2024.10.14"]
[SourceQuality "1"]
[WhiteTeam "Gernsheim"]
[BlackTeam "Bad Emstal/Wolfhagen"]
[WhiteTeamCountry "GER"]
[BlackTeamCountry "GER"]

1. e4 c5 2. Ne2 e6 3. c4 Nc6 4. Nbc3 Nd4 5. d3 Ne7 6. Be3 Nec6 7. Nf4 a6 8. g3 g6 9. Bg2 Bg7 10. h4 h6 11. h5 g5 12. Nh3 d6 13. f4 gxf4 14. gxf4 f5 15. 0-0 Bd7 16. Rb1 0-0 17. Kh2 Kh8 18. Ne2 Rg8 19. Bxd4 Nxd4 20. Nxd4 Bxd4 21. exf5 Qh4 22. Rf3 Bc6 23. Bh1 Bf2 24. Bg2 Rxg2+ 25. Kxg2 Qg3+ 26. Kf1 Bxf3 0-1

[Event "Oberliga Ost-B 2223"]
[Site "Germany"]
[Date "2022.11.26"]
[Round "4.3"]
[White "Mueller, Maximilian"]
[Black "Fish, Jonathan M"]
[Result "1-0"]
[WhiteElo "2307"]
[BlackElo "2124"]
[PlyCount "65"]
[EventDate "2022.09.18"]
[EventType "team-tourn"]
[EventRounds "11"]
[EventCountry "GER"]
[SourceTitle "EXT 2025"]
[Source "ChessBase"]
[SourceDate "2024.10.14"]
[SourceVersion "1"]
[SourceVersionDate "2024.10.14"]
[SourceQuality "1"]
[WhiteTeam "Gernsheim"]
[BlackTeam "Hofheim II"]
[WhiteTeamCountry "GER"]
[BlackTeamCountry "GER"]

1. e4 c5 2. Ne2 Nc6 3. c4 g6 4. d4 cxd4 5. Nxd4 Bg7 6. Be3 Nf6 7. Nc3 Ng4 8. Qxg4 Nxd4 9. Qd1 Ne6 10. Rc1 Qa5 11. Qd2 0-0 12. Be2 Nc5 13. Nd5 Qxd2+ 14. Kxd2 Nxe4+ 15. Kd3 f5 16. Nc7 d5 17. Nxa8 f4 18. Bxa7 Bf5 19. Nc7 Nxf2+ 20. Kd2 Ne4+ 21. Kc2 Ng3+ 22. Bd3 Bxd3+ 23. Kxd3 dxc4+ 24. Kxc4 Nxh1 25. Rxh1 f3 26. gxf3 Rf4+ 27. Kb5 Bxb2 28. Re1 Rxf3 29. Rxe7 Ra3 30. Bc5 Rc3 31. Re8+ Kf7 32. Rf8+ Kg7 33. Rf2 1-0

[Event "Oberliga Ost-B 2223"]
[Site "Germany"]
[Date "2022.09.18"]
[Round "1.4"]
[White "Mueller, Maximilian"]
[Black "Dittmar, Peter"]
[Result "1-0"]
[WhiteElo "2299"]
[BlackElo "2214"]
[PlyCount "65"]
[EventDate "2022.09.18"]
[EventType "team-tourn"]
[EventRounds "11"]
[EventCountry "GER"]
[SourceTitle "EXT 2025"]
[Source "ChessBase"]
[SourceDate "2024.10.14"]
[SourceVersion "1"]
[SourceVersionDate "2024.10.14"]
[SourceQuality "1"]
[WhiteTeam "Gernsheim"]
[BlackTeam "Moerlenbach Birkenau"]
[WhiteTeamCountry "GER"]
[BlackTeamCountry "GER"]

1. e4 e6 2. c4 d5 3. cxd5 exd5 4. exd5 Nf6 5. Nc3 Nxd5 6. Nf3 Be7 7. d4 0-0 8. Bd3 Nc6 9. 0-0 Bg4 10. h3 Bh5 11. Bxh7+ Kxh7 12. Ng5+ Kg6 13. Qd3+ f5 14. Ne6 Qd6 15. Nxd5 Kh7 16. Ndxc7 Ne5 17. Qg3 Ng6 18. Qxd6 Bxd6 19. Nxa8 Rxa8 20. f3 Bg3 21. Be3 Re8 22. d5 Ne7 23. Bf4 Nxd5 24. Bxg3 Rxe6 25. Rad1 Ne3 26. Rfe1 Rg6 27. Rxe3 Rxg3 28. Kf2 f4 29. Re4 Rg5 30. Rxf4 Be8 31. Rd8 Bc6 32. Rh4+ Kg6 33. Rg4 1-0

[Event "Oberliga Sued W 2122"]
[Site "Germany"]
[Date "2022.03.13"]
[Round "7.6"]
[White "Busche, Stefan"]
[Black "Mueller, Maximilian"]
[Result "1/2-1/2"]
[WhiteElo "2071"]
[BlackElo "1807"]
[PlyCount "85"]
[EventDate "2021.10.24"]
[EventType "team-tourn"]
[EventRounds "9"]
[EventCountry "GER"]
[SourceTitle "EXT 2023"]
[Source "ChessBase"]
[SourceDate "2022.10.05"]
[SourceVersion "1"]
[SourceVersionDate "2022.10.05"]
[SourceQuality "1"]
[WhiteTeam "Saarbruecken"]
[BlackTeam "St Ingbert"]
[WhiteTeamCountry "GER"]
[BlackTeamCountry "GER"]

1. e4 e6 2. d4 d5 3. Nd2 Nf6 4. e5 Nfd7 5. c3 c5 6. Bd3 Nc6 7. Ne2 cxd4 8. cxd4 f6 9. exf6 Nxf6 10. Nf3 Bd6 11. 0-0 Qc7 12. Bg5 0-0 13. Bh4 Bd7 14. Bg3 Be8 15. Rc1 h6 16. Ne5 Nh5 17. Re1 Nxg3 18. Nxg3 Bxe5 19. dxe5 Qb6 20. Qd2 Rd8 21. Bb1 Qd4 22. Qxd4 Nxd4 23. Bd3 Bb5 24. Bxb5 Nxb5 25. Ne2 d4 26. Rc5 a6 27. a4 d3 28. axb5 dxe2 29. f3 Rd2 30. bxa6 bxa6 31. Kf2 Rxb2 32. Rxe2 Rfb8 33. Rc8+ Rxc8 34. Rxb2 Rc5 35. f4 a5 36. Rb7 Kf8 37. Ra7 Rc4 38. Kf3 a4 39. g3 Rc3+ 40. Ke4 Rc2 41. h4 Ra2 42. g4 Ra1 43. Kf3 1/2-1/2

[Event "Oberliga Sued W 2122"]
[Site "Germany"]
[Date "2022.02.13"]
[Round "6.6"]
[White "Mueller, Maximilian"]
[Black "Hoppstaedter, Daniel"]
[Result "0-1"]
[WhiteElo "1807"]
[BlackElo "1966"]
[PlyCount "98"]
[EventDate "2021.10.24"]
[EventType "team-tourn"]
[EventRounds "9"]
[EventCountry "GER"]
[SourceTitle "EXT 2023"]
[Source "ChessBase"]
[SourceDate "2022.10.05"]
[SourceVersion "1"]
[SourceVersionDate "2022.10.05"]
[SourceQuality "1"]
[WhiteTeam "St Ingbert"]
[BlackTeam "Illingen Turm"]
[WhiteTeamCountry "GER"]
[BlackTeamCountry "GER"]

1. e4 c5 2. Nf3 e6 3. g3 d5 4. exd5 exd5 5. d4 Bg4 6. Bg2 Nc6 7. dxc5 Qe7+ 8. Kf1 Qxc5 9. Nc3 Nf6 10. Bg5 Ne4 11. Qe1 Qc4+ 12. Kg1 Bb4 13. Nd2 Bxc3 14. Nxc4 Bxe1 15. Bxe4 dxe4 16. Rxe1 Bf3 17. Nd6+ Kd7 18. Nxb7 Nd4 19. h4 Nxc2 20. Rxe4 Rhe8 21. Nc5+ Kd6 22. Rxe8 Rxe8 23. Nd3 f6 24. Bd2 Bxh1 25. Kxh1 Kd5 26. Kg2 Kc4 27. Nf4 g6 28. Bc3 f5 29. h5 g5 30. Nh3 h6 31. Bg7 g4 32. Nf4 Ne1+ 33. Kf1 Nf3 34. Ng2 Nd2+ 35. Kg1 Nf3+ 36. Kf1 Re6 37. Ne3+ Kd3 38. Bc3 Ke4 39. Ng2 Ng5 40. Nf4 Rd6 41. Ke2 Ne6 42. Nxe6 Rxe6 43. Bd2 Ra6 44. a3 Kd4 45. a4 Re6+ 46. Be3+ Kc4 47. Kd2 a6 48. Kc2 f4 49. gxf4 Rxe3 0-1

[Event "Oberliga Sued W 2122"]
[Site "Germany"]
[Date "2021.11.14"]
[Round "2.8"]
[White "Mueller, Maximilian"]
[Black "Hipler, Andreas"]
[Result "1/2-1/2"]
[WhiteElo "1807"]
[BlackElo "1802"]
[PlyCount "104"]
[EventDate "2021.10.24"]
[EventType "team-tourn"]
[EventRounds "9"]
[EventCountry "GER"]
[SourceTitle "EXT 2023"]
[Source "ChessBase"]
[SourceDate "2022.10.05"]
[SourceVersion "1"]
[SourceVersionDate "2022.10.05"]
[SourceQuality "1"]
[WhiteTeam "St Ingbert"]
[BlackTeam "Gau Algesheim"]
[WhiteTeamCountry "GER"]
[BlackTeamCountry "GER"]

1. e4 d5 2. exd5 Qxd5 3. Nc3 Qd6 4. d4 Nf6 5. Nf3 Bg4 6. Be3 c6 7. Be2 e6 8. Qd2 Qc7 9. h3 Bxf3 10. Bxf3 Be7 11. 0-0-0 Nbd7 12. Rde1 Nb6 13. g4 Nc4 14. Qd3 Nxe3 15. fxe3 0-0-0 16. e4 Nd7 17. Qe3 Bh4 18. Rd1 h6 19. Kb1 Kb8 20. Ne2 Nb6 21. b3 Rd7 22. c4 Rhd8 23. Nc3 Bg5 24. Qf2 Be7 25. c5 Nc8 26. b4 b5 27. Bg2 Rf8 28. Qe3 Bg5 29. Qf2 Qf4 30. Qxf4+ Bxf4 31. Rhf1 g5 32. d5 Be5 33. Kc2 Bxc3 34. Kxc3 exd5 35. exd5 cxd5 36. Rxd5 Rxd5 37. Bxd5 f6 38. Re1 f5 39. gxf5 Rxf5 40. Kd4 Kc7 41. Re8 Rf4+ 42. Re4 Rf1 43. Re6 Rf4+ 44. Be4 Rh4 45. Rc6+ Kd7 46. Rg6 Ne7 47. c6+ Nxc6+ 48. Rxc6 Rxe4+ 49. Kxe4 Kxc6 50. Kf5 Kd5 51. Kg6 Ke6 52. Kxh6 Kf6 1/2-1/2

[Event "Oberliga Ost-B 1920"]
[Site "Germany"]
[Date "2019.12.07"]
[Round "4.4"]
[White "Grabarczyk, Miroslaw"]
[Black "Mueller, Maximilian"]
[Result "1/2-1/2"]
[WhiteElo "2369"]
[BlackElo "2305"]
[PlyCount "35"]
[EventDate "2019.09.29"]
[EventType "team-tourn"]
[EventRounds "11"]
[EventCountry "GER"]
[SourceTitle "EXT 2021"]
[Source "ChessBase"]
[SourceDate "2020.10.23"]
[SourceVersion "1"]
[SourceVersionDate "2020.10.23"]
[SourceQuality "1"]
[WhiteTeam "Griesheim"]
[BlackTeam "Gernsheim"]
[WhiteTeamCountry "GER"]
[BlackTeamCountry "GER"]

1. d4 d5 2. Nf3 Nf6 3. g3 e6 4. Bg2 b5 5. 0-0 Be7 6. Bg5 0-0 7. Nbd2 Nbd7 8. c3 Rb8 9. b4 a5 10. a3 a4 11. Bxf6 Bxf6 12. e4 dxe4 13. Nxe4 Bb7 14. Qe2 Bxe4 15. Qxe4 g6 16. Ne5 Bxe5 17. dxe5 c5 18. f4 1/2-1/2

[Event "Oberliga Ost-B 1819"]
[Site "Germany"]
[Date "2019.02.03"]
[Round "7.1"]
[White "Schmidt Schaeffer, Sebastian"]
[Black "Mueller, Maximilian"]
[Result "1/2-1/2"]
[WhiteElo "2357"]
[BlackElo "2312"]
[PlyCount "80"]
[EventDate "2018.10.21"]
[EventType "team-tourn"]
[EventRounds "11"]
[EventCountry "GER"]
[SourceTitle "EXT 2020"]
[Source "ChessBase"]
[SourceDate "2019.10.17"]
[SourceVersion "1"]
[SourceVersionDate "2019.10.17"]
[SourceQuality "1"]
[WhiteTeam "Naumburg"]
[BlackTeam "Gernsheim"]
[WhiteTeamCountry "GER"]
[BlackTeamCountry "GER"]

1. e4 c5 2. Nc3 a6 3. g3 b5 4. Bg2 Bb7 5. Nge2 e6 6. 0-0 b4 7. Na4 Nf6 8. d3 d5 9. e5 Nfd7 10. f4 Bc6 11. c4 d4 12. f5 Bxg2 13. Kxg2 exf5 14. Rxf5 g6 15. Rf4 Bg7 16. e6 fxe6 17. Re4 e5 18. Nf4 Qf6 19. Nd5 Qd6 20. Bg5 Nc6 21. Nab6 Nxb6 22. Nxb6 Rb8 23. Nd5 h6 24. Bd2 0-0 25. Qg4 Rf5 26. Rf1 Rbf8 27. Ree1 Qe6 28. Qe2 Nd8 29. Rxf5 gxf5 30. Qf3 Qf7 31. h3 Nb7 32. g4 Nd6 33. gxf5 Nxf5 34. Qxf5 Qxd5+ 35. cxd5 Rxf5 36. Rf1 Rxf1 37. Kxf1 Kf7 38. Ke2 Kf6 39. Kf3 Kf5 40. b3 Bf8 1/2-1/2

[Event "Oberliga Ost-B 1819"]
[Site "Germany"]
[Date "2019.02.02"]
[Round "6.1"]
[White "Mueller, Maximilian"]
[Black "Strache, Michael"]
[Result "1/2-1/2"]
[WhiteElo "2312"]
[BlackElo "2255"]
[PlyCount "81"]
[EventDate "2018.10.21"]
[EventType "team-tourn"]
[EventRounds "11"]
[EventCountry "GER"]
[SourceTitle "EXT 2020"]
[Source "ChessBase"]
[SourceDate "2019.10.17"]
[SourceVersion "1"]
[SourceVersionDate "2019.10.17"]
[SourceQuality "1"]
[WhiteTeam "Gernsheim"]
[BlackTeam "Sangerhausen"]
[WhiteTeamCountry "GER"]
[BlackTeamCountry "GER"]

1. e4 e5 2. Nf3 Nc6 3. Nc3 Nf6 4. a3 d5 5. Bb5 Nxe4 6. Qe2 Qd6 7. Nxd5 Qxd5 8. Bc4 Qd6 9. Qxe4 Be7 10. d3 Bd7 11. b4 f5 12. Qd5 0-0-0 13. Qxd6 Bxd6 14. Bb2 e4 15. dxe4 fxe4 16. Nd4 Ne5 17. Be2 Rhe8 18. 0-0 a6 19. Rad1 g6 20. h3 g5 21. Bh5 Re7 22. Rfe1 Nc4 23. Bc1 Bf4 24. Be2 Ne5 25. Nb3 Bf5 26. Rxd8+ Kxd8 27. Bb2 e3 28. g3 exf2+ 29. Kxf2 Be3+ 30. Kxe3 Nc4+ 31. Kf2 Nxb2 32. Nc5 b6 33. Nxa6 Bxc2 34. Nb8 Be4 35. Bb5 c5 36. bxc5 bxc5 37. Nc6+ Bxc6 38. Rxe7 Kxe7 39. Bxc6 Kd6 40. Be4 h6 41. Kf3 1/2-1/2

[Event "Mittelfranken-chTB2a 1718"]
[Site "Mittelfranken"]
[Date "2018.03.04"]
[Round "6.6"]
[White "Mueller, Maximilian"]
[Black "Augustin, Achim"]
[Result "0-1"]
[WhiteElo "1775"]
[BlackElo "1888"]
[PlyCount "54"]
[EventDate "2017.10.08"]
[EventType "team-tourn"]
[EventRounds "9"]
[EventCountry "GER"]
[SourceTitle "EXT 2022"]
[Source "ChessBase"]
[SourceDate "2021.10.06"]
[SourceVersion "1"]
[SourceVersionDate "2021.10.06"]
[SourceQuality "1"]
[WhiteTeam "Buechenbach/Roth II"]
[BlackTeam "Bad Windsheim/Ansbach"]
[WhiteTeamCountry "GER"]
[BlackTeamCountry "GER"]

1. e4 d5 2. exd5 Qxd5 3. Nc3 Qa5 4. d4 e5 5. Qh5 Nc6 6. Bb5 Bd7 7. Bxc6 Bxc6 8. d5 Bb4 9. dxc6 Bxc3+ 10. Kf1 Bxb2 11. Rb1 Bxc1 12. cxb7 Rb8 13. Qg4 Nf6 14. Qc8+ Ke7 15. Qxh8 Rxh8 16. b8Q Rxb8 17. Rxb8 Qxa2 18. g3 Qxc2 19. Kg2 a5 20. Nf3 Be3 21. Rf1 Ng4 22. Ne1 Qe2 23. Nd3 Qxd3 24. h3 Qe4+ 25. Kg1 Bxf2+ 26. Rxf2 Qe1+ 27. Rf1 Qxg3+ 0-1

[Event "Mittelfranken-chTB2a 1718"]
[Site "Mittelfranken"]
[Date "2018.01.28"]
[Round "4.6"]
[White "Dervishaj, Ramiz"]
[Black "Mueller, Maximilian"]
[Result "1-0"]
[WhiteElo "1600"]
[BlackElo "1775"]
[PlyCount "121"]
[EventDate "2017.10.08"]
[EventType "team-tourn"]
[EventRounds "9"]
[EventCountry "GER"]
[SourceTitle "EXT 2022"]
[Source "ChessBase"]
[SourceDate "2021.10.06"]
[SourceVersion "1"]
[SourceVersionDate "2021.10.06"]
[SourceQuality "1"]
[WhiteTeam "Treuchtlingen/Wet SG"]
[BlackTeam "Buechenbach/Roth II"]
[WhiteTeamCountry "GER"]
[BlackTeamCountry "GER"]

1. d4 d5 2. e3 Nf6 3. Nc3 Bf5 4. Bd3 Bxd3 5. Qxd3 Nc6 6. Nf3 e6 7. a3 Bd6 8. 0-0 0-0 9. e4 dxe4 10. Nxe4 h6 11. Be3 Nxe4 12. Qxe4 Qf6 13. c3 Ne7 14. Rab1 c6 15. c4 Rad8 16. b4 a6 17. a4 Qf5 18. Qxf5 Nxf5 19. c5 Bc7 20. b5 Ne7 21. bxa6 bxa6 22. Rb7 Nd5 23. Rfb1 Rb8 24. Ne5 Bxe5 25. dxe5 Rxb7 26. Rxb7 Ra8 27. a5 Kf8 28. Kf1 Ke8 29. Bd2 Ne7 30. h4 Nd5 31. h5 Ne7 32. g4 Nd5 33. Ke2 Ne7 34. f4 Nd5 35. f5 exf5 36. gxf5 Rc8 37. e6 fxe6 38. Rxg7 exf5 39. Bxh6 Nf6 40. Rg5 f4 41. Bg7 Kf7 42. h6 Re8+ 43. Kf3 Re3+ 44. Kxf4 Nd5+ 45. Kg4 Re4+ 46. Kg3 Re3+ 47. Kf2 Rh3 48. Rf5+ Kg6 49. Rf8 Rh5 50. Rd8 Ne7 51. Bf8 Nf5 52. Rc8 Rh2+ 53. Kg1 Re2 54. Rxc6+ Kf7 55. Bg7 Nxg7 56. Rc7+ Kg8 57. Rxg7+ Kh8 58. c6 Rc2 59. c7 Rc1+ 60. Kh2 Rc6 61. Rd7 1-0

[Event "Oberliga Ost-B 1718"]
[Site "Germany"]
[Date "2018.01.21"]
[Round "5.1"]
[White "Lubbe, Nikolas"]
[Black "Mueller, Maximilian"]
[Result "1/2-1/2"]
[WhiteElo "2515"]
[BlackElo "2313"]
[PlyCount "68"]
[EventDate "2017.10.22"]
[EventType "team-tourn"]
[EventRounds "11"]
[EventCountry "GER"]
[SourceTitle "EXT 2019"]
[Source "ChessBase"]
[SourceDate "2018.10.10"]
[SourceVersion "1"]
[SourceVersionDate "2018.10.10"]
[SourceQuality "1"]
[WhiteTeam "Neuberg"]
[BlackTeam "Gernsheim"]
[WhiteTeamCountry "GER"]
[BlackTeamCountry "GER"]

1. Nf3 Nf6 2. b3 d5 3. Bb2 c5 4. e3 g6 5. Bb5+ Bd7 6. Bxf6 exf6 7. Bxd7+ Qxd7 8. d4 Nc6 9. 0-0 f5 10. c3 b6 11. Qd3 Bg7 12. Na3 0-0 13. Rfd1 f4 14. exf4 cxd4 15. Nxd4 Nxd4 16. cxd4 Qd6 17. Nb5 Qxf4 18. g3 Qg4 19. Rac1 h5 20. a4 h4 21. Rc2 hxg3 22. hxg3 Bf6 23. Kg2 Kg7 24. Qe2 Qxe2 25. Rxe2 Rfc8 26. Re3 Rc2 27. Kf3 a6 28. Rc3 Rc8 29. Rxc8 Rxc8 30. Na3 Rc3+ 31. Ke2 Rxb3 32. Nc2 Rb2 33. Kd3 Ra2 34. Rb1 Bd8 1/2-1/2

[Event "Oberliga Ost-B 1718"]
[Site "Germany"]
[Date "2017.12.10"]
[Round "4.1"]
[White "Strache, Michael"]
[Black "Mueller, Maximilian"]
[Result "1/2-1/2"]
[WhiteElo "2287"]
[BlackElo "2313"]
[PlyCount "148"]
[EventDate "2017.10.22"]
[EventType "team-tourn"]
[EventRounds "11"]
[EventCountry "GER"]
[SourceTitle "EXT 2019"]
[Source "ChessBase"]
[SourceDate "2018.10.10"]
[SourceVersion "1"]
[SourceVersionDate "2018.10.10"]
[SourceQuality "1"]
[WhiteTeam "Sangerhausen"]
[BlackTeam "Gernsheim"]
[WhiteTeamCountry "GER"]
[BlackTeamCountry "GER"]

1. f4 d5 2. Nf3 g6 3. e3 Bg7 4. d4 Bg4 5. Bd3 c5 6. c3 Nc6 7. 0-0 cxd4 8. exd4 e6 9. Qb3 Qc7 10. Ne5 Bf5 11. Bxf5 gxf5 12. Be3 Nf6 13. Nd2 0-0 14. Kh1 Rab8 15. a4 a6 16. Nxc6 Qxc6 17. a5 Rfc8 18. Nf3 Qc4 19. Qd1 b5 20. axb6 Rxb6 21. Bc1 Ne4 22. Ng5 f6 23. Nh3 Rc7 24. Nf2 Rb3 25. Nd3 Bf8 26. Rf3 Rg7 27. Kg1 Rb6 28. Bd2 Qc8 29. Qe2 Rb3 30. Be1 Qc4 31. Bh4 Rb6 32. Kh1 Rg4 33. Be1 Qb5 34. Re3 Rg7 35. b4 Bd6 36. g3 Ra7 37. Ra5 Qc4 38. Nc5 Bxc5 39. dxc5 Rc6 40. Kg2 Rd7 41. Kf3 Re7 42. h3 h5 43. Ra1 Qxe2+ 44. Rxe2 Kf7 45. Rea2 Ra7 46. Ke3 e5 47. g4 hxg4 48. hxg4 Kg6 49. Rh2 Rd7 50. fxe5 fxg4 51. c4 Kf5 52. cxd5 Rxd5 53. exf6 Re6 54. Rh5+ Ng5+ 55. Kf2 Kg6 56. Rh8 Ne4+ 57. Kg2 Nxf6 58. Rc1 Rc6 59. Bc3 Rf5 60. Rch1 Re6 61. R1h6+ Kf7 62. Bxf6 Rexf6 63. Rxf6+ Rxf6 64. Kg3 Rg6 65. Rh7+ Ke6 66. c6 Kd5 67. c7 Rc6 68. Rg7 Kd6 69. Kxg4 Rxc7 70. Rg6+ Kd5 71. Rxa6 Rb7 72. Ra4 Kc4 73. Kf5 Rxb4 74. Rxb4+ Kxb4 1/2-1/2